| 000 | 00708nam a22002177a 4500 | ||
|---|---|---|---|
| 999 |
_c8378 _d8378 |
||
| 003 | AR-CdUCM | ||
| 008 | 190325b ||||| |||| 00| 0 spa d | ||
| 040 |
_aMUNICIPALIDAD PROVINCIAL DEL CUSCO _cBIBLIOTECA MUNICIPAL DEL CUSCO |
||
| 082 |
_a869.56 / _bV18 |
||
| 100 |
_aValcárcel, Alberto _923519 |
||
| 245 | _aTres poemas corales / | ||
| 260 |
_aTingo María : _bUniversidad Nacional Agraria de la Selva, _c1976. |
||
| 300 |
_a15 páginas ; _bilustraciones ; _c29 cm. |
||
| 500 | _aDonación familia Nieto. | ||
| 650 |
_aPoesías peruanas _91481 |
||
| 650 |
_aSiglo XX _98 |
||
| 650 |
_aLiteratura peruana _9169 |
||
| 700 |
_aPulido, Marivi (ilustraciones) _923520 |
||
| 942 |
_2ddc _cLIBROS |
||
| 945 | _azta | ||